000
00338nam a2200145Ia 4500
100
_a
Rashid/M.H
250
_a
3
942
_c
BK
654
_a
pspice
245
_a
Introduction to Pspice using orcad for circuits and electronics
260
_b
Pearson Education
_c
2004
082
_a
621.31832
_b
RAS
300
_a
456
546
_a
ENGLISH
999
_c
34825
_d
34825